[Event "Madurai op 1st"]
[Site "Madurai"]
[Date "2017.08.12"]
[Round "2"]
[White "Dusthageer, Ibrahim M"]
[Black "Mugilan, GG."]
[Result "1/2-1/2"]
[WhiteElo "2178"]
[BlackElo "1556"]
[PlyCount "92"]
[EventDate "2017.08.12"]
[EventType "swiss"]
[EventRounds "8"]
[EventCountry "IND"]
[SourceTitle "CBM 180 Extra"]
[Source "ChessBase"]
[SourceDate "2017.10.06"]
[SourceVersion "1"]
[SourceVersionDate "2017.10.06"]
[SourceQuality "1"]

1. e4 e6 2. d4 d5 3. Nc3 Nf6 4. Bg5 Be7 5. e5 Nfd7 6. Bxe7 Qxe7 7. f4 a6 8. Nf3 c5 9. Qd2 Nc6 10. 0-0-0 b5 11. dxc5 Nxc5 12. Bd3 Bb7 13. Ne2 0-0-0 14. Ned4 Kb8 15. Kb1 Rc8 16. Rhe1 g6 17. h3 h5 18. c3 Qc7 19. Rc1 Ne7 20. Ng5 Nf5 21. g4 Ng3 22. Re3 Nge4 23. Bxe4 Nxe4 24. Nxe4 dxe4 25. g5 Rhd8 26. Ree1 Rd7 27. Qe2 Rcd8 28. Red1 Bd5 29. Rd2 Qa5 30. b3 Ka8 31. Qe3 Qb6 32. Nc2 Qa5 33. Nb4 Bb7 34. Rcd1 Qc7 35. Kc1 Kb8 36. Rxd7 Rxd7 37. Rxd7 Qxd7 38. Qb6 a5 39. Qxa5 e3 40. Nc2 Qd2+ 41. Kb1 e2 42. Qxb5 e1Q+ 43. Nxe1 Qxe1+ 44. Kc2 Qf2+ 45. Kd1 Qxf4 46. Qe8+ Kc7 1/2-1/2